Представление документа в формате RUSMARC

ПолеНазваниеЗначение
  Тип записи a
  Библиографический уровень a
001 Контрольный номер RU/CBS_UL/BASE/e77a053f9dfa4d178000aa7a79ad2d7d
005 Дата корректировки 20250128005134.9
100 Данные общей обработки __
a Данные общей обработки 20250128 ||| 0rusy0189 ca
101 Язык документа 0_
a Язык текста rus
102 Страна публикации __
a Страна публикации RU
200 Заглавие и сведения об ответственности 1_
a Заглавие Самые быстрые самолёты. Стреловидное крыло начинает работать...
e Сведения, относящиеся к заглавию [продолжение рассказа о самых быстрых самолётах и установленных ими рекордах скорости]
300 Общие примечания __
a Общие примечания 12+
461 Уровень набора _0
1 2000
a Мир техники для детей
463 Уровень физической единицы _0
1 2000
a № 8
v С. 26-38 : фот., рис.
1 2101
d 2021
1 001RU/CBS_UL/BASE/682606092
600 Персоналии _1
a Персоналии (Фамилия) Нэш
b Персоналии (Имя, инициалы) Д.
600 Персоналии _1
a Персоналии (Фамилия) Бэрнс
b Персоналии (Имя, инициалы) Б.
600 Персоналии _1
a Персоналии (Фамилия) Дюк
b Персоналии (Имя, инициалы) Н.
600 Персоналии _1
a Персоналии (Фамилия) Вердин
b Персоналии (Имя, инициалы) Д.
606 Тематические рубрики 0_
a Основная рубрика Военная авиационная техника и вооружение - Самолёты
610 Ключевые слова 0_
a Ключевые слова военная авиация
610 Ключевые слова 0_
a Ключевые слова самолёты
610 Ключевые слова 0_
a Ключевые слова стреловидные крылья
610 Ключевые слова 0_
a Ключевые слова МиГ-15 (советские истребители)
610 Ключевые слова 0_
a Ключевые слова XF-86 Сейбр (истребители)
610 Ключевые слова 0_
a Ключевые слова DH.108 Своллоу (самолёты)
610 Ключевые слова 0_
a Ключевые слова Ла-176 (истребители)
610 Ключевые слова 0_
a Ключевые слова Як-50 (истребители)
610 Ключевые слова 0_
a Ключевые слова МиГ-17 (истребители)
610 Ключевые слова 0_
a Ключевые слова F-100 Супер Сейбр (истребители)
610 Ключевые слова 0_
a Ключевые слова СМ (истребители)
610 Ключевые слова 0_
a Ключевые слова СМ-9 (истребители)
610 Ключевые слова 0_
a Ключевые слова F-86 D (истребители)
610 Ключевые слова 0_
a Ключевые слова Хантер (самолёты)
610 Ключевые слова 0_
a Ключевые слова Свифт (истребители)
610 Ключевые слова 0_
a Ключевые слова XF4D-1 Скайрэй (палубные истребители)
686 Индексы других классификаций __
2 Код системы rubbk
a Классификационный индекс 68.521-1
801 Источник записи _0
a Страна RU
b Организация МБУК ЦБС г. Ульяновска
c Дата составления 20250128
g Правила каталогизации RCR
801 Источник записи _1
a Страна RU
b Организация МБУК ЦБС г. Ульяновска
c Дата составления 20250128
g Правила каталогизации RCR
901 Тип документа __
t Тип документа b
w Контрольный № источника RU/CBS_UL/BASE/682606092
909 Создатель записи __
a Создатель записи lib1